WWE Royal Rumble 2025 Entrants Quiz (Women's match) - Statistics

General Stats
  • This quiz has been taken 571 times
  • The average score is 23 of 30
Answer Stats
EN Answer EL % Correct
2 Liv Morgan 24
96%
27 Charlotte Flair W
95%
1 Iyo Sky 21
95%
30 Nikki Bella 27
93%
29 Nia Jax 28
92%
15 Naomi 22
91%
10 Bianca Belair 23
90%
3 Roxanne Perez 29
90%
5 Chelsea Green 9
89%
21 Alexa Bliss 12
85%
12 Bayley 26
83%
17 Piper Niven 14
83%
26 Raquel Rodriguez 19
78%
4 Lyra Valkyria 2
74%
11 Shayna Baszler 6
74%
8 Zoey Stark 5
73%
28 Giulia 25
72%
25 Trish Stratus 18
72%
24 Stephanie Vaquer 20
71%
19 Jordynne Grace 15
69%
9 Lash Legend 8
68%
20 Michin 13
68%
13 Sonya Deville 7
68%
6 B-Fab 1
67%
7 Ivy Nile 3
66%
14 Maxxine Dupri 4
65%
23 Candice Lerae 17
64%
18 Natalya 11
64%
16 Jaida Parker 10
59%
22 Zelina Vega 16
52%
No matching quizzes found
Score Distribution
Percent of People with Each Score
Percentile by Number Answered
Your Score History
You have not taken this quiz